Normal view
MARC view
Entry Personal Name
001 - CONTROL NUMBER
- control field: 1275868
003 - CONTROL NUMBER IDENTIFIER
- control field:
005 - DATE AND TIME OF LATEST TRANSACTION
- control field: 20210629131156.0
008 - FIXED-LENGTH DATA ELEMENTS
- fixed length control field: 210629|| aca||aabn | a|a d
040 ## - CATALOGING SOURCE
- Original cataloging agency:
- Transcribing agency:
100 ## - HEADING--PERSONAL NAME
- Personal name: Eekhout, M.,
- Dates associated with a name: 1950-
670 ## - SOURCE DATA FOUND
- Source citation: Work cat.: ()1339427: Ramaswamy, G. S., 1923- 1275864, Analysis, design and construction of steel space frames /, 2002
